000 01092nmc a2200385 a 4500
003 AR-BaBNM
005 20251128204144.0
008 045019s1988 ||||||||||||||000 | spa||
020 _a950-25-1486-6
040 _cAR-BaBNM
100 1 _aPaso, Leonardo
245 1 0 _aOrigen histórico de los partidos políticos
_n1
260 _aBuenos Aires
_bCentro Editor de América Latina
_c1988
300 0 _a95 p.
490 0 _aBiblioteca política Argentina
_vv. 218
600 1 4 _aSarmiento, Domingo Faustino
_d1868-1874
600 1 4 _aAlberdi, Juan Bautista
600 1 4 _aMitre, Bartolomé
600 1 4 _aTejedor, Carlos
600 1 4 _aAlsina, Adolfo
600 1 4 _aMontes de Oca, Manuel A.
600 1 4 _aRoca, Julio Argentino
650 4 _aHISTORIA POLITICA
650 4 _aPARTIDOS POLITICOS ARGENTINOS
650 4 _aCAUDILLOS ARGENTINOS
650 4 _aOLIGARQUIA
650 4 _aDOCTRINAS POLITICAS
650 4 _aCLASE BAJA
650 4 _aSOCIALISMO
650 4 _aCOMUNISMO
651 4 _aArgentina
800 1 _aTroncoso, Oscar
_edirector
942 _cBK
998 _cCarmen
999 _c6400
_d6400